000 00850nam a2200265Ia 4500
003 OSt
005 20220918170855.0
006 a|||||r|||| 00| 0
007 ta
008 220917b |||||||| |||| 00| 0 eng d
020 _a9780754649229 (hbk)
_c5730.39
024 _a237,609
037 _b04298, 14/01/2009, Atlantic Publisher & Dist.Pvt.Ltd.
_cTextual
040 _aARTS
_cARTS
_beng
041 _2eng
_aeng
082 _aY:1, P8
100 _aGraham Brian Ed.
_931897
245 0 _aAshgate research companion to heritage and identity
260 _aHampshire
_bAshgate
_c2008
300 _axii,461p.
_ccm.
650 _aSOCIOLOGY
700 _a Howard Peter Ed.
_931898
942 _hY:1, P8
_cTEXL
_2CC
999 _c136389
_d136389